01728nam a22002177a 4500003000900000005001700009008004100026040001300067100005500080245006600135250000600201260002000207300002000227490006100247500005500308520091800363942001201281999001701293952010001310952010001410IT-RoPau20220918175936.0121206b xxu||||| |||| 00| 0 eng d cIT-RoPau aAlberione GiacomoqFondatore Famiglia Paolina 919 aGiacomo Alberione un uomo, un idea.bVolume Secondo 1923-1945 aI aRomabSSPc1988 a270 p.c21,2 cm aArchivio Storico Generale della Famiglia Paolinav2° v. aVITA E OPERE del Fondatore della Famiglia Paolina aINDICE Chi è Don Giacomo Alberione? Indole, scopo e limiti di questa biografia Spiegazione di alcune Sigle Capitolo I. L' IDEA INIZIALE SI CHIARIFICA E CONCRETIZZA Capitolo II LA SOFFERENZA LINFA NECESSARIA PER LA CRESCITA Capitolo III MERAVIGLIOSO MOLTIPLICARSI DI INIZIATIVE APOSTOLICHE Capitolo IV LA PIA SOCIETA' SAN PAOLO ERETTA IN CONGREGAZIONE RELIGIOSA Capitolo V LE FIGLIE DI SAN PAOLO DIVENTANO CONGREGAZIONE RELIGIOSA Capitolo VI IL PAOLINO PREDICA IL VANGELO CON LA SUA REDAZIONE Capitolo VII IL PAOLINO PREDICA IL VANGELO CON LA SUA REDAZIONE Capitolo VII VOLERE O NO IL MONDO E' NOSTRO Capitolo VIII ANDATE NEL MONDO A PREDICARE IL VANGELO Capitolo IX FARE FUOCO CON LA LEGNA VERDE Capitolo X LA DIFFICILE PROVA DELLA GUERRA Capitolo XI SI GIUNGE ALLA PRIMA APPROVAZIONE PONTIFICIA Capitolo XII FERVORE GIOVANILE DI DON ALBERIONE SESSANTENNE Indice generale del secondo volume 2ddccBK c37614d37614 00102ddc406P_A671aPAULUSbPAULUSd2012-12-06l0oP A6r2012-12-06 00:00:00w2012-12-06yBK 00102ddc406P_A671aPAULUSbPAULUSd2013-11-18l0oP A6r2013-11-18 00:00:00w2013-11-18yBK